| 000 | 00489nam a2200205Ia 4500 | ||
|---|---|---|---|
| 005 | 20240823021510.0 | ||
| 008 | 240823s9999||||xx |||||||||||||| ||und|| | ||
| 020 | _a81-203-2753-5 | ||
| 041 | _aENGLISH | ||
| 082 | _A658.7 P6 | ||
| 100 | _a"Handfield,Robert B" | ||
| 245 | 0 | _aSupply Chain Management | |
| 250 | _a1st | ||
| 260 |
_c2006 _b"PHI,New " |
||
| 500 | _aYES | ||
| 650 |
_aChain Mgt _bManagement Studies |
||
| 700 | _a" Nichols,Ernest L" | ||
| 942 | _cBK | ||
| 999 |
_c177152 _d177152 |
||